| 000 | 00354 a2200109 4500 | ||
|---|---|---|---|
| 001 | ART_37718 | ||
| 005 | 20260410161942.0 | ||
| 008 | 260409a | ||
| 245 | 1 | 0 | _aLa franquicia en el nuevo Código Civil y Comercial y el derecho del trabajo |
| 100 | 1 | _aDuarte, David | |
| 773 | 0 |
_tTemas de derecho laboral _g- Nº 3 (mar. 2016) _wREV27619 |
|
| 999 |
_c29567 _d29567 |
||